| 000 | 00670nam a22002177i 4500 | ||
|---|---|---|---|
| 003 | URS | ||
| 005 | 20220117095907.0 | ||
| 008 | 180509b xxu||||| |||| 00| 0 eng d | ||
| 020 | _a9789710508266 | ||
| 040 |
_aURS _bEnglish _cURS _erda |
||
| 050 |
_aPE1112 _b.B456 2011 |
||
| 100 |
_aBernardez, Edisteo B., _eauthor. |
||
| 245 |
_aEnglish : _bparts of speech / _cEdisteo B. Bernardez. |
||
| 264 |
_aTinajeros, Malabon City : _bJimczyville Publications, _c©2011. |
||
| 300 |
_a96 pages ; _c23 cm. |
||
| 336 |
_atext _btxt _2rdacontent |
||
| 337 |
_aunmediated _bn _2rdamedia |
||
| 338 |
_avolume _bnc _2rdacarrier |
||
| 650 | 0 |
_aEnglish language _vGrammar. |
|
| 942 |
_2lcc _cF |
||
| 999 |
_c10306 _d10306 |
||